Búsquedas y logros desde la academia : (Registro nro. 15425)
[ vista simple ]
| 000 -LEADER | |
|---|---|
| fixed length control field | 01439nam a22002897a 4500 |
| 003 - CONTROL NUMBER IDENTIFIER | |
| control field | OSt |
| 005 - DATE AND TIME OF LATEST TRANSACTION | |
| control field | 20210318111453.0 |
| 008 - FIXED-LENGTH DATA ELEMENTS--GENERAL INFORMATION | |
| fixed length control field | 210318s2002 ck ad||fr|||| 00| 0 spa d |
| 020 ## - INTERNATIONAL STANDARD BOOK NUMBER | |
| International Standard Book Number | 9587011309 |
| 040 ## - CATALOGING SOURCE | |
| Original cataloging agency | CO-JMCR |
| Transcribing agency | CO-JMCR |
| 041 0# - LANGUAGE CODE | |
| Language code of text/sound track or separate title | spa |
| 082 04 - DEWEY DECIMAL CLASSIFICATION NUMBER | |
| Classification number | 330.986 / |
| Item number | H558b |
| Edition number | 23 |
| 100 1# - MAIN ENTRY--PERSONAL NAME | |
| Personal name | Hernández Gamarra, Antonio, |
| Relator term | editor |
| 9 (RLIN) | 9160 |
| 245 10 - TITLE STATEMENT | |
| Title | Búsquedas y logros desde la academia : |
| Remainder of title | 50 años Facultad de Ciencias Económicas / |
| Statement of responsibility, etc. | Antonio Hernández Gamarra, Beethoven Herrera Valencia, editores ; investigadores, Magda Rivera, Juan Carlos Villamizar, Rafael Suárez Eugenio, [y 1 más] |
| Medium | |
| 260 ## - PUBLICATION, DISTRIBUTION, ETC. | |
| Place of publication, distribution, etc. | Bogotá : |
| Name of publisher, distributor, etc. | Universidad Nacional de Colombia, |
| Date of publication, distribution, etc. | 2002 |
| 300 ## - PHYSICAL DESCRIPTION | |
| Extent | 570 páginas : |
| Other physical details | ilustraciones y gráficas a blanco y negro ; |
| Dimensions | 23 cm. |
| 500 ## - GENERAL NOTE | |
| General note | Incluye notas a pie de página. |
| 505 0# - FORMATTED CONTENTS NOTE | |
| Formatted contents note | Institucionalización y desarrollo -- Voces y vivencias |
| 610 24 - SUBJECT ADDED ENTRY--CORPORATE NAME | |
| Corporate name or jurisdiction name as entry element | Universidad Nacional de Colombia |
| Subordinate unit | Facultad de Ciencias Económicas |
| General subdivision | Investigaciones |
| Chronological subdivision | 1952-2002 |
| 9 (RLIN) | 36275 |
| 610 24 - SUBJECT ADDED ENTRY--CORPORATE NAME | |
| Corporate name or jurisdiction name as entry element | Universidad Nacional de Colombia |
| Subordinate unit | Facultad de Ciencias Económicas |
| General subdivision | Historia |
| Chronological subdivision | 1952-2002 |
| 9 (RLIN) | 36276 |
| 650 14 - SUBJECT ADDED ENTRY--TOPICAL TERM | |
| Topical term or geographic name entry element | Economía |
| General subdivision | Investigaciones |
| Chronological subdivision | 1952-2002 |
| Geographic subdivision | Colombia |
| 9 (RLIN) | 36277 |
| 700 1# - ADDED ENTRY--PERSONAL NAME | |
| Personal name | Herrera Valencia, Beethoven, |
| Relator term | editor |
| 9 (RLIN) | 36278 |
| 700 1# - ADDED ENTRY--PERSONAL NAME | |
| Personal name | Rivera, Magda, |
| Relator term | investigadora |
| 9 (RLIN) | 36279 |
| 700 1# - ADDED ENTRY--PERSONAL NAME | |
| Personal name | Villamizar, Juan Carlos, |
| Relator term | investigador |
| 9 (RLIN) | 7050 |
| 700 1# - ADDED ENTRY--PERSONAL NAME | |
| Personal name | Suárez Eugenio, Rafael, |
| Relator term | investigador |
| 9 (RLIN) | 36280 |
| 942 ## - ADDED ENTRY ELEMENTS (KOHA) | |
| Source of classification or shelving scheme | Dewey Decimal Classification |
| Koha item type | Books |
| Withdrawn status | Lost status | Source of classification or shelving scheme | Damaged status | Not for loan | Collection code | Home library | Current library | Date acquired | Source of acquisition | Total Checkouts | Full call number | Barcode | Date last seen | Copy number | Price effective from | Koha item type |
|---|---|---|---|---|---|---|---|---|---|---|---|---|---|---|---|---|
| Dewey Decimal Classification | Non-fiction | Biblioteca Pública José María del Castillo y Rada | Biblioteca Pública José María del Castillo y Rada | 10/02/2020 | Donación | 330.986 / H558b | 201810910 | 05/16/2024 | Ej.1 | 03/18/2021 | Books |